000 00442nam a2200157 i 4500
001 41621
003 ES-MaACL
005 20230906160450.0
007 t|
008 030311s1964 sp ||||1| spa d
100 1 _aCasallo, Antonio.
_936067
245 1 0 _aBarbecho y cereales en zonas áridas /
_cAntonio Casallo.
260 _a[Zaragoza :
_bTipo-Linea,
_c1964]
300 _a120 p. :
_bil. ;
_c27 cm.
852 _aES-MaACL
_jC-26586
_bR.55522
999 _c41621
_d41621